|
|
|
|
| LEADER |
00780nam a2200205Ia 4500 |
| 001 |
TDMU_7278 |
| 008 |
210410s9999 xx 000 0 und d |
| 082 |
|
|
|a 306
|
| 090 |
|
|
|b A100
|
| 100 |
|
|
|a A. Ja Gurevich
|
| 245 |
|
0 |
|a CaÌc phaÌ£m truÌ€ văn hoÌa trung cổ
|
| 245 |
|
0 |
|c A. Ja Gurevich, HoaÌ€ng NgoÌ£c HiêÌn (diÌ£ch)
|
| 260 |
|
|
|a H.
|
| 260 |
|
|
|b GiaÌo duÌ£c
|
| 260 |
|
|
|c 1996
|
| 300 |
|
|
|a 347tr.
|
| 650 |
|
|
|a Văn hoÌa trung cổ; Văn hoÌa; Văn hoÌa trung cổ; Trung cổ; PhaÌ£m truÌ€
|
| 700 |
|
|
|a HoaÌ€ng, NgoÌ£c HiêÌn
|
| 856 |
|
|
|u http://lrc.tdmu.edu.vn/opac/search/detail.asp?aID=2&ID=7278
|
| 980 |
|
|
|a Trung tâm Học liệu Trường Đại học Thủ Dầu Một
|